Language Quiz

Random Language or Italian Quiz

Eight Language Numbers Blitz Quiz Stats

 Plays Quiz not verified by Sporcle

Score 0/160 Timer 00:45
1 Play Today
Number Translation % Correct
1uno
99%
1un
98.9%
1eins
98.9%
1uno
98.9%
1um
98.9%
1een
98.9%
1ett
98.9%
1unus/una/unum
98.9%
3tres
97.1%
3trois
97.1%
3drei
97.1%
3tre
97.1%
3três
97.1%
3drie
97.1%
3tre
97.1%
3tres/tria
97.1%
2dos
96.9%
2deux
96.9%
2zwei
96.9%
2due
96.9%
2dois
96.9%
2twee
96.9%
2två
96.9%
2duo/duae
96.9%
4cuatro
93.9%
4quatre
93.9%
4vier
93.9%
4quattro
93.9%
4quatro
93.9%
4vier
93.9%
4fyra
93.9%
4quattuor
93.9%
5cinco
93.5%
5cinq
93.5%
5fünf
93.5%
5cinque
93.5%
5cinco
93.5%
5vijf
93.5%
5fem
93.5%
5quinque
93.5%
6seis
92%
6six
92%
6sechs
92%
6sei
92%
6seis
92%
6zes
92%
6sex
92%
6sex
92%
7siete
88.9%
7sept
88.9%
7sieben
88.9%
7sette
88.9%
7sete
88.9%
7zeven
88.9%
Number Translation % Correct
7sju
88.9%
7septem
88.9%
8ocho
88.5%
8huit
88.5%
8acht
88.5%
8otto
88.5%
8oito
88.5%
8acht
88.5%
8åtta
88.5%
8octo
88.5%
9nueve
86.1%
9neuf
86.1%
9neun
86.1%
9nove
86.1%
9nove
86.1%
9negen
86.1%
9nio
86.1%
9novem
86.1%
10diez
82.4%
10dix
82.4%
10zehn
82.4%
10dieci
82.4%
10dez
82.4%
10tien
82.4%
10tio
82.4%
10decem
82.4%
0cero
82.1%
0zéro
82.1%
0null
82%
0zero
82%
0zero
82%
0nul
82%
0noll
82%
0nulla/nihil
82%
20veinte
66.2%
20vingt
66.1%
20zwanzig
66.1%
20venti
66.1%
20vinte
66.1%
20twintig
66.1%
20tjugo
66.1%
20viginti
66.1%
30treinta
56.9%
30trente
56.9%
30dreißig
56.9%
30trenta
56.9%
30trinta
56.9%
30dertig
56.9%
30trettio
56.9%
30triginta
56.9%
40cuarenta
46.9%
40quarante
46.9%
40vierzig
46.9%
40quaranta
46.9%
Number Translation % Correct
40quarenta
46.9%
40veertig
46.9%
40fyrtio
46.9%
40quadraginta
46.9%
50cincuenta
41.1%
50cinquante
41.1%
50fünfzig
41.1%
50cinquanta
41.1%
50cinquenta
41.1%
50vijftig
41.1%
50femtio
41.1%
50quinquaginta
41.1%
60sesenta
34.3%
60soixante
34.3%
60sechzig
34.3%
60sessanta
34.3%
60sessenta
34.3%
60zestig
34.3%
60sextio
34.3%
60sexaginta
34.3%
100cien
27.3%
100cent
27.3%
100ein hundert
27.3%
100cento
27.3%
100cem
27.3%
100honderd
27.3%
100hundra
27.3%
100centum
27.3%
70setenta
27.3%
70soixante-dix
27.3%
70siebzig
27.3%
70settanta
27.3%
70setenta
27.3%
70zeventig
27.3%
70sjuttio
27.3%
70septuaginta
27.3%
80ochenta
24.4%
80quatre-vingts
24.4%
80achtzig
24.4%
80ottanta
24.4%
80oitenta
24.4%
80tachtig
24.4%
80åttio
24.4%
80octoginta
24.4%
90noventa
21.2%
90quatre-vingt-dix
21.2%
90neunzig
21.2%
90novanta
21.2%
90noventa
21.2%
90negentig
21.2%
90nittio
21.2%
90nonaginta
21.2%

You're not logged in!

Compare scores with friends on all Sporcle quizzes.
OR
Log In

Show Comments

Extras

Top Quizzes Today


Score Distribution

Your Account Isn't Verified!

In order to create a playlist on Sporcle, you need to verify the email address you used during registration. Go to your Sporcle Settings to finish the process.

Report this User

Report this user for behavior that violates our Community Guidelines.

Details: